Movies Quiz

Random Movies or Clickable Quiz

That Awkward Moment When... (Movies) Quiz Stats

 Plays Quiz Updated Nov 23, 2018

Support Sporcle.
Go Orange.
Score 0/20 Timer 07:00
0 Plays Today
% Correct
Charlotte's Web
96%
Mrs. Doubtfire
95.6%
Beauty and the Beast
94%
Snakes on a Plane
93.9%
Groundhog Day
91.9%
Meet the Parents
91.3%
A League of Their Own
91.1%
The Green Mile
88.2%
Superbad
84.5%
When Harry Met Sally
83.2%
% Correct
The Shining
81.6%
The Godfather
78.8%
Rear Window
78.1%
Sixteen Candles
70.6%
Mean Girls
68.7%
Fargo
68.2%
Wedding Crashers
66.6%
The Godfather: Part III
62.9%
The Help
62.2%
Cabaret
56.3%

You're not logged in!

Compare scores with friends on all Sporcle quizzes.
OR
Log In
Forgot?

From the Vault

Top 20 Cities of the Philippines on a Map

by SpanishSpy

They're the top cities off of a map, too.
Remove Ads.
Support Sporcle.
Get the best of Sporcle when you Go Orange. This ad-free experience offers more features, more stats, and more fun while also helping to support Sporcle. Thank you for becoming a member.

Show Comments

Extras

Top Quizzes Today


Score Distribution

Your Account Isn't Verified!

In order to create a playlist on Sporcle, you need to verify the email address you used during registration. Go to your Sporcle Settings to finish the process.

Report this User

Report this user for behavior that violates our Community Guidelines.

Details: